Statistics for 15 Cities with Busiest Airports

Click here to take the quiz!

General Stats

  • This quiz has been taken 685 times
  • The average score is 12 of 15

Answer Stats

PassengersCity% Correct
155.2mLondon
98%
126.7mNew York City
97%
95.8mLos Angeles
94%
99.8mParis
94%
111.4mTokyo
93%
96.1mBeijing
92%
101.5mAtlanta
88%
99.2mShanghai
87%
99.2mChicago
80%
88.9mDubai
77%
89.4mIstanbul
76%
72.3mMoscow
75%
78.7mDallas/Fort Worth
63%
77.6mMiami
60%
83.2mBangkok
59%

Score Distribution

Percentile by Number Answered

Percent of People with Each Score

Your Score History

You have not taken this quiz